Designing For Modern India (Record no. 359149)

MARC details
000 -LEADER
fixed length control field 00386 a2200145 4500
005 - DATE AND TIME OF LATEST TRANSACTION
control field 20240723161724.0
008 - FIXED-LENGTH DATA ELEMENTS--GENERAL INFORMATION
fixed length control field 240723b |||||||| |||| 00| 0 eng d
020 ## - INTERNATIONAL STANDARD BOOK NUMBER
International Standard Book Number 9781935677734
082 ## - DEWEY DECIMAL CLASSIFICATION NUMBER
Classification number 720.22/MAP
100 ## - MAIN ENTRY--PERSONAL NAME
Author Mapin Publishing
245 ## - TITLE STATEMENT
Title Designing For Modern India
260 ## - PUBLICATION, DISTRIBUTION, ETC.
Name of publisher, distributor, etc. Mapin Publishing INI Press
Date of publication, distribution, etc. 2017
Place of publication, distribution, etc. Ahmedabad
300 ## - PHYSICAL DESCRIPTION
Extent 473p
Other physical details HB
942 ## - ADDED ENTRY ELEMENTS (KOHA)
Koha item type Books
Holdings
Withdrawn status Lost status Source of classification or shelving scheme Damaged status Not for loan Collection code Home library Current library Date acquired Vendor Net Price Total Checkouts Full call number Barcode Date last seen Date last checked out Actual Price Bill Date Koha item type
    Dewey Decimal Classification     Book of B Arch Dr. Bhanuben Nanavati College of Architecture Dr. Bhanuben Nanavati College of Architecture 23/07/2024 169 2488.50 2 720.22/MAP BNCA-BK-12717 02/09/2025 26/08/2025 3950.00 23/07/2024 Reference book